Statistiques concernant Pokédex régional Paldea (9G)

Cliquez ici pour prendre le quiz!

Statistiques générales

  • Ce quiz a été pris 77 fois
  • Le résultat moyen est 241 sur 400

Statistiques - réponses

HintRéponse% Correct
4Chochodile
94%
6Flâmigator
94%
3Miascarade
94%
1Poussacha
94%
7Coiffeton
89%
9Palmaval
89%
5Crocogril
86%
399Koraidon
86%
2Matourgeon
86%
400Miraidon
86%
12Tissenboule
86%
8Canarbello
83%
123Donphan
83%
376Fort-Ivoire
83%
11Fragroin
83%
398Garde-de-Fer
83%
290Lestombaile
83%
384Paume-de-Fer
83%
122Phanpy
83%
293Vrombi
83%
53Axoloto
80%
114Feuforêve
80%
15Gambex
80%
383Hotte-de-Fer
80%
135Léviator
80%
134Magicarpe
80%
115Magirêve
80%
74Pikachu
80%
60Rondoudou
80%
368Scalproie
80%
54Terraiste
80%
289Triopikeau
80%
294Vrombotor
80%
48Azumarill
77%
46Azurill
77%
189Deusolourdo
77%
193Farigiraf
77%
21Flambusard
77%
281Forgelina
77%
10Gourmelet
77%
61Grodoudou
77%
209Magnéti
77%
210Magnéton
77%
211Magnézone
77%
47Marill
77%
19Passerouge
77%
73Pichu
77%
75Raichu
77%
397Rugit-Lune
77%
369Scalpereur
77%
367Scalpion
77%
396Yuyu
77%
56Akwakwak
74%
180Aquali
74%
20Braisillon
74%
165Charbambin
74%
42Corvaillus
74%
276Draby
74%
277Drackhaus
74%
278Drattak
74%
179Evoli
74%
13Filentrappe
74%
65Gallame
74%
192Girafarig
74%
390Glaivodo
74%
117Hariyama
74%
188Insolourdo
74%
63Kirlia
74%
167Malvalame
74%
183Mentali
74%
40Minisange
74%
386Mite-de-Fer
74%
391Mordudor
74%
184Noctali
74%
85Olivado
74%
84Olivini
74%
22Pohm
74%
24Pohmarmotte
74%
23Pohmotte
74%
55Psykokwak
74%
182Pyroli
74%
203Tag-Tag
74%
62Tarsal
74%
288Taupikeau
74%
223Tauros
74%
244Terracool
74%
59Toudoudou
74%
181Voltali
74%
177Zapétrel
74%
130Amassel
71%
86Arboliva
71%
154Archéodong
71%
153Archéomire
71%
362Balbalèze
71%
41Bleuseille
71%
249Craparoi
71%
389Cryodo
71%
291Dofin
71%
387Epine-de-Fer
71%
296Ferdeter
71%
346Flamenroule
71%
178Fulgulairo
71%
64Gardevoir
71%
131Gigansel
71%
186Givrali
71%
392Gromago
71%
196Grondogue
71%
377Hurle-Queue
71%
14Lilliterelle
71%
116Makuhita
71%
375Nigirigon
71%
187Nymphali
71%
374Oyacata
71%
76Pâtachiot
71%
185Phyllali
71%
275Pyrax
71%
274Pyronille
71%
382Roue-de-Fer
71%
129Selutin
71%
292Superdofin
71%
148Taupiqueur
71%
245Terracruel
71%
312Tomberro
71%
311Toutombe
71%
318Tyranocif
71%
77Briochien
69%
354Cadoizo
69%
166Carmadura
69%
261Cizayox
69%
159Colossinge
69%
373Délestin
69%
371Diamat
69%
348Draco
69%
349Dracolosse
69%
70Ectoplasma
69%
316Embrylex
69%
99Etouraptor
69%
97Etourmi
69%
98Etourvol
69%
68Fantominus
69%
158Férosinge
69%
379Flotte-Mèche
69%
388Frigodo
69%
206Gaulet
69%
260Insécateur
69%
347Minidraco
69%
69Spectrum
69%
385Têtes-de-Fer
69%
372Trioxhydre
69%
205Trompignon
69%
317Ymphect
69%
171Ampibidou
66%
394Baojian
66%
128Carchacrok
66%
127Carmache
66%
264Cléopsytra
66%
232Cornèbre
66%
160Courrousinge
66%
146Floette
66%
147Florges
66%
280Forgella
66%
279Forgerette
66%
202Gribouraigne
66%
126Griknot
66%
45Leuphorie
66%
44Leveinard
66%
94Lixy
66%
95Luxio
66%
96Luxray
66%
51Mustébouée
66%
361Piétacé
66%
43Ptiravi
66%
380Rampe-Ailes
66%
370Solochi
66%
113Tapatoès
66%
170Têtampoule
66%
216Ursaring
66%
228Zorua
66%
220Altaria
63%
214Arcanin
63%
213Caninos
63%
71Compagnol
63%
233Corboss
63%
110Dratatin
63%
72Famignol
63%
145Flabébé
63%
17Floravol
63%
309Floréclat
63%
263Flotillon
63%
87Manzaï
63%
212Métamorph
63%
141Miaouss
63%
295Motorizard
63%
52Mustéflott
63%
142Persian
63%
199Salarsen
63%
88Simularbre
63%
215Teddiursa
63%
149Triopikeur
63%
219Tylton
63%
229Zoroark
63%
28Argouste
60%
18Cotovol
60%
26Démolosse
60%
393Dinglu
60%
197Dogrino
60%
319Dolman
60%
325Flagadoss
60%
378Fongus-Furie
60%
16Granivol
60%
35Lépidonille
60%
25Malosse
60%
27Manglouton
60%
80Monaflemit
60%
78Parecool
60%
381Pelage-Sablé
60%
250Pimito
60%
356Polagriffe
60%
355Polarhume
60%
298Polichombr
60%
109Pomdrapi
60%
324Ramoloss
60%
251Scovilain
60%
198Toxizap
60%
108Verpom
60%
79Vigoroth
60%
299Branette
57%
304Bruyverne
57%
155Coupenotte
57%
259Foretress
57%
308Germéclat
57%
195Grotadmorv
57%
90Lougaroc
57%
164Lucario
57%
359Momartik
57%
358Oniglali
57%
100Plumeline
57%
37Prismillon
57%
163Riolu
57%
89Rocabot
57%
326Roigada
57%
30Rongrigou
57%
303Sonistrelle
57%
357Stalgamin
57%
194Tadmorv
57%
157Tranchodon
57%
39Apireine
54%
38Apitrini
54%
221Cabriolaine
54%
222Chevroum
54%
395Chongjian
54%
81Croquine
54%
306Dispareptil
54%
208Electrode
54%
305Fantyrm
54%
339Flingouste
54%
286Fourbelin
54%
340Gamblast
54%
363Grelaçon
54%
191Haydaim
54%
32Héliatronc
54%
156Incisache
54%
307Lanssorien
54%
227Moufflair
54%
36Pérégrain
54%
258Pomdepik
54%
29Rongourmand
54%
364Séracrawl
54%
83Sucreine
54%
337Venalgue
54%
207Voltorbe
54%
287Angoliath
51%
320Bekaglaçon
51%
351Beldeneige
51%
255Bérasca
51%
82Candine
51%
124Charibari
51%
162Charmina
51%
150Chartor
51%
335Denticrisse
51%
285Grimalin
51%
338Kravarech
51%
254Léboulérou
51%
161Méditikka
51%
226Moufouette
51%
125Pachyradjah
51%
238Polthégeist
51%
302Spiritomb
51%
237Théffroi
51%
31Tournegrin
51%
190Vivaldaim
51%
143Baudrive
49%
133Békipan
49%
176Coatox
49%
118Crabagarre
49%
119Crabominable
49%
175Cradopaud
49%
200Dedenne
49%
231Dimoret
49%
230Farfuret
49%
350Frissonille
49%
365Furaiglon
49%
132Goélise
49%
366Gueriaigle
49%
266Hippodocus
49%
336Mamanbo
49%
297Ténéfix
49%
246Tropius
49%
243Virevorreur
49%
242Virovent
49%
257Aéromite
46%
49Arakdo
46%
353Blizzaroi
46%
352Blizzi
46%
301Brutalibré
46%
252Cacnea
46%
253Cacturne
46%
204Cerfrousse
46%
91Charbi
46%
104Chlorobule
46%
173Colimucus
46%
315Dodoala
46%
271Dunaconda
46%
270Dunaja
46%
105Fragilady
46%
144Grodrive
46%
360Hexagel
46%
265Hippopotas
46%
57Khélocrok
46%
329Kokiyas
46%
50Maskadra
46%
239Mimiqui
46%
256Mimitoss
46%
93Monthracite
46%
310Motisma
46%
172Mucuscule
46%
174Muplodocus
46%
201Pachirisu
46%
58Torgamord
46%
92Wagomine
46%
321Wattapik
46%
341Anchwatt
43%
152Camérupt
43%
151Chamallot
43%
330Crustabri
43%
300Hexadron
43%
67Hypnomade
43%
342Lampéroie
43%
235Mesmérella
43%
343Ohmassacre
43%
262Scarhino
43%
218Séviper
43%
236Sidérella
43%
66Soporifik
43%
273Bourrinos
40%
269Crocorible
40%
333Ecayon
40%
268Escroco
40%
313Gouroutan
40%
224Hélionceau
40%
332Lovdisc
40%
267Mascaïman
40%
225Némélios
40%
345Prédastérie
40%
314Quartermac
40%
234Scrutella
40%
272Tiboudet
40%
240Trousselin
40%
344Vorastérie
40%
241Wimessir
40%
322Bacabouh
37%
282Bibichut
37%
283Chapotus
37%
136Embrochet
37%
137Hastacuda
37%
334Luminéon
37%
217Mangriff
37%
284Sorcilence
37%
323Trépassable
37%
247Mimantis
34%
101Wattouat
34%
138Bargantua
31%
107Chapignon
31%
248Floramantis
31%
102Lainergie
31%
103Pharamp
31%
120Tritox
31%
106Balignon
29%
33Crikzik
29%
112Groret
29%
121Malamandre
29%
34Mélokrik
29%
331Qwilfish
29%
140Avaltout
26%
169Barbicha
26%
168Barloche
26%
139Gloupti
26%
111Spoink
26%
327Sancoki
23%
328Tritosor
23%

Distribution des résultats

Percentile par nombre de réponses

% des personnes avec chaque résultat

Votre développement - résultats

Vous n’avez pas pris ce quiz